Statystyki dla państwo według charakterystycznej rzeczy

Kliknij tutaj aby rozwiązać quiz!

Ogólne statystyki

  • Ten quiz został rozwiązany 85 razy
  • Średni wynik to 9 z 10

Statystyki odpowiedzi

Odpowiedź% Poprawnych
włochy
100%
francja
100%
brazylia
99%
rosja
98%
egipt
98%
niemcy
96%
irlandia
93%
australia
93%
wielka brytania
86%
usa
82%

Rozkład punktacji

Percentyl według liczby udzielonych odpowiedzi

Procent ludzi z każdym wynikiem

Twoja historia wyników

Nie rozwiązałeś tego quizu